000 00784cam a2200229 4500
001 E1964
008 090401t1993 xxu||||| |||| 00| 0 eng d
035 _a(Sirsi) u36625
041 0 _aeng
050 0 4 _a692.3 $2 18
110 2 _aRoyal Institution of Chartered Surveyors
_bScotland
_93082
245 0 2 _aA report on the non-use of SMM7 and the implications for clients, design team members, contractors and sub-contractors
260 _aEdinburgh
_bRICS in Scotland
_c1993
300 _a19p.
_c30cm.
350 _a0
520 _aRICS in Scotland Work Programme.
650 2 4 _aSTANDARD METHOD OF MEASUREMENT (SEVENTH EDITION)
651 4 _aScotland
_y1999-
690 _aBUILT ENVIRONMENT-QUANTITY SURVEYING-STANDARD METHOD OF MEASUREMENT
942 _n0
948 _c04/03/1997
999 _c90352
_d90352